00682 2200241 4500001002100000005001500021035002500036090002100061245003700082260003000119300005000149020002200199040002200221082001500243084002100258100002800279250002600307650001200333850001200345999002100357008004100378990002100419YOGYA00000000008592720250623034530 a0010-081400000085644 aCB-D.11 2009-29910aBible from A to z /cCarol Smith31aYogyakarta :bAndi,c2009 axvi, 312 halaman :bgambar dan tabel ;c23 cm a978-979-29-1043-8 aYOPDYOGbinderda04223a220.01 aDep 220.01 Smi B1 aSmith, CarolePengarang aCetakan I, Maret 2009 4aAlkitab aYOPDYOG aCB-D.11/2009-299130829s2009 yoia g 0 0 ind d aCB-D.11/2009-299